F1 Winners: Singapore Grand Prix - Statistics

General Stats
  • This quiz has been taken 1,958 times
    326 since last reset
  • The average score is 16 of 16
Answer Stats
Season Circuit Winner % Correct
2009 Marina Bay Street Circuit Lewis Hamilton
99%
2014 Marina Bay Street Circuit Lewis Hamilton
99%
2017 Marina Bay Street Circuit Lewis Hamilton
99%
2018 Marina Bay Street Circuit Lewis Hamilton
99%
2025 Marina Bay Street Circuit George Russell
98%
2024 Marina Bay Street Circuit Lando Norris
98%
2011 Marina Bay Street Circuit Sebastian Vettel
98%
2012 Marina Bay Street Circuit Sebastian Vettel
98%
2013 Marina Bay Street Circuit Sebastian Vettel
98%
2015 Marina Bay Street Circuit Sebastian Vettel
98%
2019 Marina Bay Street Circuit Sebastian Vettel
98%
2023 Marina Bay Street Circuit Carlos Sainz Jr
97%
2008 Marina Bay Street Circuit Fernando Alonso
96%
2010 Marina Bay Street Circuit Fernando Alonso
96%
2016 Marina Bay Street Circuit Nico Rosberg
94%
2022 Marina Bay Street Circuit Sergio Pérez
92%
No matching quizzes found
Score Distribution
Percent of People with Each Score
Percentile by Number Answered
Your Score History
You have not taken this quiz since the last reset